| 000 | 00663cab a2200217 4500 | ||
|---|---|---|---|
| 001 | WB3405-25 | ||
| 008 | 090401t1998 xxu||||| |||| 00| 0 eng d | ||
| 035 | _a(Sirsi) u83581 | ||
| 041 | _aeng | ||
| 245 | _aFun, frolics and shopping | ||
| 260 | _c1998 | ||
| 350 | _a0 | ||
| 490 |
_aFinancial Times _v6 February 1998, 14(1) |
||
| 520 | _aThe idea of combined shopping/leisure complexes from the US, is beginning to be exported to Europe, with developments in Madrid, Barcelona, Stockholm and Lille. | ||
| 650 | _aLEISURE CENTRES | ||
| 650 | _aRETAILING | ||
| 650 | _aSHOPPING CENTRES | ||
| 690 | _aOVERSEAS-EUROPE | ||
| 942 | _n0 | ||
| 948 | _c06/02/1998 | ||
| 999 |
_c52802 _d52802 |
||